| 000 | 01181nam0a22003011 4500 | ||
|---|---|---|---|
| 001 | rc\286910 | ||
| 005 | 20250621021408.0 | ||
| 010 |
_a5-7966-0167-9 _9930 |
||
| 035 | _a(NLR Aleph) 005518669 | ||
| 090 |
_a5484388 _c5484388 |
||
| 100 | _a20030307d1990 |||y0rusy50 ca | ||
| 101 | 0 | _arus | |
| 102 | _aRU | ||
| 105 | _aa ||||||||| | ||
| 200 | 1 |
_aДинамическая оптимизация развития электрических сетей _fВ.А. Дале, З.П. Кришан, О.Г. Паэгле _gАН ЛатвССР. Физ.-энерг. ин-т |
|
| 210 |
_aРига _cЗинатне _d1990 |
||
| 215 |
_a247, [1] с. _cил. _d22 |
||
| 300 | _aПеред вып. дан. 1-й авт.: Вольдемар Антонович Дале | ||
| 320 | _aБиблиогр.: с. 232-242 (192 назв.) | ||
| 320 | _aПредм. указ.: с. 243-245 | ||
| 700 | 1 |
_aДале _bВ.А. _gВолдемар Антонович |
|
| 701 | 1 |
_aКришан _bЗ.П. _gЗигурд Павлович |
|
| 701 | 1 |
_aПаэгле _bО.Г. _gОмар Генрихович |
|
| 801 | 0 |
_aRU _bNLR _gpsbo |
|
| 801 | 1 |
_aRU _bELAR _2rusmarc |
|
| 852 |
_aNLR _j90-5/759 |
||
| 942 | _cBOOK | ||
| 980 | _aNB | ||